Prof. G Ram Reddy Library

Electronic government strategies and implementation (Record no. 73086)

MARC details
000 -LEADER
fixed length control field 00622nam a2200205Ia 4500
003 - CONTROL NUMBER IDENTIFIER
control field LDD
008 - FIXED-LENGTH DATA ELEMENTS--GENERAL INFORMATION
fixed length control field 181029s9999 xx 000 0 und d
020 ## - INTERNATIONAL STANDARD BOOK NUMBER
International Standard Book Number 1591403499
Terms of availability US
Linkage 9.95
040 ## - CATALOGING SOURCE
Transcribing agency LDD
100 ## - MAIN ENTRY--PERSONAL NAME
Personal name Huang, Wayne
245 #0 - TITLE STATEMENT
Title Electronic government strategies and implementation
Statement of responsibility, etc. Wayne Huang, Keng Siau and Kowk Kee Wei
260 ## - PUBLICATION, DISTRIBUTION, ETC.
Place of publication, distribution, etc. Hershey
Name of publisher, distributor, etc. Idea
Date of publication, distribution, etc. 2005
300 ## - PHYSICAL DESCRIPTION
Extent vii,455p.
365 ## - TRADE PRICE
Price amount US
Linkage 9.95
700 ## - ADDED ENTRY--PERSONAL NAME
Personal name Siau, Keng ;Wei,Kowk Kee
901 ## - LOCAL DATA ELEMENT A, LDA (RLIN)
a 3059
b 14-02-2005
902 ## - LOCAL DATA ELEMENT B, LDB (RLIN)
a 10670
b 17-02-2005
c F
d GBH
e 38
903 ## - LOCAL DATA ELEMENT C, LDC (RLIN)
a Discount-10
b Reqst by : Agrawal, Neeti
942 ## - ADDED ENTRY ELEMENTS (KOHA)
Source of classification or shelving scheme Dewey Decimal Classification
Koha item type Books
Holdings
Withdrawn status Lost status Source of classification or shelving scheme Damaged status Not for loan Home library Current library Total Checkouts Full call number Barcode Date last seen Cost, replacement price Price effective from Koha item type
No   Dewey Decimal Classification     Library and Documentation Division Library and Documentation Division   352.3802854678 H86E 056414 09/27/2024 3072.20 11/01/2018 Books

© Prof. G Ram Reddy Centre Library, Indira Gandhi National Open University, Maidan Garhi, New Delhi, 110068
+91-011-29532797 | FAX+91-011-29533393 |